000 00374cam a2200169ua 4500
001 2051
008 150423n II |||gr||||Z||||||asm
040 _aMAIN
041 _aEnglish
082 _a891.451 CHE
100 _aCHETIA, JOGEN.
245 _aADHUNIK NATYAKALA
250 _a1ST.
260 _aJORHAT:
_bJOGEN CHETIA.,
_c1993.
300 _a122:
_c21CM.
942 _cBK
999 _c2045
_d2045